Представление документа в формате MARC21

Поле Инд. ПП Название Значение
Тип записи a
Библиографический уровень m
001 Контрольный номер RU/IS/BASE/455708186
005 Дата корректировки 20150610093318.8
020 a ISBN 978-5-906572-01-1
040 a Служба первич. каталог. НБ ТвГУ
b Код языка каталог. rus
e Правила каталог. PSBO
041 0_ a Код языка текста rus
080 a Индекс УДК 581.524.34(47-17)
084 a Индекс другой классификации/Индекс ББК Е581.8
090 a Полочн. индекс Е581.8
x Авторский знак С 89
100 1_ a Автор Сумина Ольга Ивановна
q Полное имя Сумина О. И.
245 00 a Заглавие Формирование растительности на техногенных местообитаниях Крайнего Севера России
260 a Место издания Санкт-Петербург
c Дата издания 2013
b Издательство Информ-Навигатор
300 a Объем 337 с.
b Иллюстрации/ тип воспроизводства ил., табл., цв. ил., табл., карты
504 a Библиография Библиогр.: с. 275-301
520 0_ a Аннотация Монография обобщает результаты 25-летних исследований и разрабатывает научные подходы к решению проблемы восстановления ранимых северных экосистем. В книге дан разносторонний анализ закономерностей первичных сукцессий растительности на техногенных местообитаниях, возникающих после полного механического уничтожения почвеннорастительного покрова. Впервые по единой методике собраны и проанализированы данные о флоре и растительности таких местообитаний в 10 районах лесотундры, северных и южных гипоарктических тундр — от Воркуты до Чукотки. Автором разработана единая классификация растительности техногенных местообитаний Крайнего Севера России, рассмотрено синтаксономическое разнообразие в разных районах и условиях; описаны группы видов-доминантов, различающихся эколого-ценотическим поведением в ходе первичной сукцессии; предложена методика типизации рисунка растительного покрова и выявлены особенности развития пространственной структуры растительных сообществ; установлены закономерности формирования растительного покрова на экотопически гетерогенной территории и создана поливариантная модель первичной сукцессии. В книге критически проанализирована обширная отечественная и зарубежная литература; данные, полученные автором, расширяют и корректируют представления о самовосстановлении растительности на техногенно нарушенных территориях Крайнего Севера. Результаты проведенных исследований позволяют прогнозировать процессы регенерации растительности после нарушений и служат научной основой современной биологической рекультивации. Методики, разработанные автором, найдут применение при мониторинге динамики антропогенной растительности и оценке темпов восстановления антропогенно нарушенных экосистем. Книга рассчитана на биологов, геоботаников и экологов, она также важна для специалистов, заинтересованных в на- учно обоснованных методах биологической рекультивации нарушенных земель.
653 0_ a Ключевые слова Техногенные местообитания
a Ключевые слова Сукцессии
a Ключевые слова Первичные сукцессии
a Ключевые слова Растительность Крайнего Севера
a Ключевые слова Антропогенная растительность
a Ключевые слова Крайний Север
a Ключевые слова Ботаника
a Ключевые слова Геоботаника
a Ключевые слова Техногенная растительность
a Ключевые слова Российская Федерация
a Ключевые слова Формирование растительности
901 t Тип документа m
920 a Оператор Семен
a Оператор Конд
a Оператор Густ
a Оператор Стро
930 a Новая/Ретро новая
952 c Вид литературы К рн
954 b Дата поступления в ОК 20140610
a Дата поступления на обработку 20150608
c Дата окончания ОНО 20150610